[Event "European Rapid 2011"]
[Site "Warsaw POL"]
[Date "2011.12.17"]
[Round "8"]
[White "Wojtaszek, Radoslaw"]
[Black "Bryzgalin, Kirill"]
[Result "1/2-1/2"]
[WhiteElo "2705"]
[BlackElo "2467"]
[PlyCount "83"]
[EventDate "2011.12.17"]

1. d4 d5 2. c4 c6 3. Nc3 Nf6 4. e3 g6 5. Nf3 Bg7 6. Be2 O-O 7. O-O Nbd7 8. b3
Re8 9. Bb2 Nf8 10. h3 Bf5 11. Rc1 Rc8 12. b4 Ne4 13. Qb3 Nxc3 14. Bxc3 dxc4 15.
Bxc4 Be6 16. a4 Bxc4 17. Qxc4 Nd7 18. Rfd1 e6 19. Qb3 Qe7 20. Bb2 e5 21. b5
cxb5 22. axb5 exd4 23. Nxd4 Nb6 24. Ra1 Ra8 25. Rdc1 Qd7 26. Ra2 Rec8 27. Rca1
Nc4 28. Rxa7 Rxa7 29. Rxa7 Nxb2 30. Qxb2 Bxd4 31. exd4 Qd5 32. Ra3 Kg7 33. Re3
Rc4 34. Rd3 b6 35. Qd2 Ra4 36. Qe3 Rb4 37. Qf4 Rxb5 38. Re3 Rb4 39. Re7 Rxd4
40. Rxf7+ Qxf7 41. Qxd4+ Qf6 42. Qd7+ 1/2-1/2

[Event "European Rapid 2011"]
[Site "Warsaw POL"]
[Date "2011.12.17"]
[Round "8"]
[White "Riazantsev, Alexander"]
[Black "Ustiyanovich, Nazariy"]
[Result "1-0"]
[WhiteElo "2710"]
[BlackElo "2176"]
[PlyCount "80"]
[EventDate "2011.12.17"]

1. d4 d5 2. c4 c6 3. Nf3 Nf6 4. e3 e6 5. Nbd2 g6 6. b3 Qa5 7. Bb2 Bg7 8. Bd3
O-O 9. O-O Nbd7 10. a4 Qc7 11. b4 b6 12. Ba3 Bb7 13. Rc1 Rfc8 14. cxd5 exd5 15.
Nb3 Bf8 16. a5 b5 17. Bxb5 a6 18. Bd3 Bd6 19. Nc5 Nxc5 20. dxc5 Bf8 21. Bb2 Bg7
22. Be5 Qd7 23. Qc2 Re8 24. Qb2 Qe7 25. Rfe1 Bc8 26. h3 Nh5 27. Bxg7 Nxg7 28.
e4 dxe4 29. Bxe4 Qc7 30. Qf6 Re6 31. Qh4 h5 32. Nd4 Rb8 33. Nxe6 Bxe6 34. Rcd1
Nf5 35. Bxf5 Bxf5 36. Re7 Qc8 37. Rd6 Qf8 38. Qf6 Bb1 39. Red7 Re8 40. Rd8 Kh7
1-0

[Event "European Rapid 2011"]
[Site "Warsaw POL"]
[Date "2011.12.17"]
[Round "8"]
[White "Bacrot, Etienne"]
[Black "Stoma, Pawel"]
[Result "1-0"]
[WhiteElo "2714"]
[BlackElo "2316"]
[PlyCount "87"]
[EventDate "2011.12.17"]

1. d4 d5 2. c4 c6 3. Nf3 Nf6 4. Nc3 a6 5. e3 Bf5 6. Bd3 Bxd3 7. Qxd3 e6 8. O-O
Bb4 9. Bd2 Bxc3 10. Bxc3 O-O 11. Nd2 b5 12. cxd5 cxd5 13. a4 bxa4 14. Rxa4 Qb6
15. Bb4 Rc8 16. Bc5 Qb7 17. Rfa1 Ne8 18. Rb4 Qc7 19. h3 Nd7 20. Nb3 a5 21. Rba4
Rcb8 22. Qc3 Rb5 23. R4a3 Rab8 24. Rc1 a4 25. Nd2 Rxb2 26. Rxa4 f6 27. Ra6 Kf7
28. Qd3 g6 29. Raa1 Nxc5 30. dxc5 Qc6 31. e4 Nc7 32. e5 Qb5 33. Qe3 f5 34. Nf3
Kg7 35. Qg5 Rf8 36. Ra7 Rf7 37. Rxc7 Rxc7 38. Qf6+ Kh6 39. Nd4 Qe8 40. Nxe6 Qe7
41. Nxc7 Qxc7 42. c6 Re2 43. Qh4+ Kg7 44. Qd4 1-0

[Event "European Rapid 2011"]
[Site "Warsaw POL"]
[Date "2011.12.18"]
[Round "9"]
[White "Nepomniachtchi, Ian"]
[Black "Romanov, Evgeny"]
[Result "1-0"]
[WhiteElo "2730"]
[BlackElo "2627"]
[PlyCount "163"]
[EventDate "2011.12.17"]

1. e4 e5 2. Nf3 Nc6 3. d4 exd4 4. Nxd4 Bc5 5. Nxc6 bxc6 6. Bd3 Qh4 7. Qe2 Nf6
8. h3 O-O 9. g3 Qh5 10. g4 Qe5 11. f4 Qe7 12. Nd2 d5 13. e5 Nd7 14. Nf3 Re8 15.
g5 Bb6 16. Be3 Nc5 17. O-O-O Rb8 18. Nd4 Nxd3+ 19. Qxd3 Bxd4 20. Qxd4 Bf5 21.
a3 a5 22. Qc3 Rb5 23. a4 Rbb8 24. Bc5 Qe6 25. b3 Ra8 26. h4 Be4 27. Rhg1 Qf5
28. Rdf1 Qe6 29. h5 Red8 30. Bd4 Bf5 31. h6 g6 32. Rg3 Ra6 33. Qc5 Rd7 34. Rc3
Qe7 35. Rd1 Qxc5 36. Bxc5 Rd8 37. Rd4 Re8 38. Kb2 Be6 39. Ka3 Rea8 40. Kb2 Rb8
41. Ba3 Rba8 42. Re3 Rb8 43. Bc5 Re8 44. Kc3 Rea8 45. Rd1 Re8 46. Ra1 Bf5 47.
Ree1 Rd8 48. Red1 Rda8 49. Ra2 Be6 50. Rb1 Rb8 51. Rab2 Raa8 52. Ra1 Rd8 53.
Kd4 Bf5 54. c3 Ra6 55. b4 axb4 56. cxb4 Rda8 57. a5 Rb8 58. Re2 Re8 59. Rc1 Bc8
60. Ke3 Ra8 61. Rec2 Rb8 62. Bd4 Bd7 63. Rb2 Ra8 64. Ra2 Reb8 65. a6 Rxb4 66.
Rc3 Rb5 67. Bc5 Be6 68. Ra1 Rb2 69. a7 Rb5 70. Raa3 Rb1 71. Bd4 Rb7 72. Rxc6
Kf8 73. Rac3 Raxa7 74. Bxa7 Rxa7 75. Rxc7 Ra4 76. Rd3 Re4+ 77. Kd2 Ra4 78. Rb3
Ra2+ 79. Kd3 Ra8 80. Rb4 Ke8 81. Rcb7 Ra3+ 82. Kd4 1-0

[Event "European Rapid 2011"]
[Site "Warsaw POL"]
[Date "2011.12.18"]
[Round "9"]
[White "Erdos, Viktor"]
[Black "Jobava, Baadur"]
[Result "1-0"]
[WhiteElo "2623"]
[BlackElo "2678"]
[PlyCount "139"]
[EventDate "2011.12.17"]

1. d4 d6 2. e4 Nf6 3. f3 g6 4. c4 Bg7 5. Ne2 c6 6. Be3 a6 7. a4 a5 8. Nec3 Na6
9. Be2 O-O 10. O-O Qc7 11. Nd2 e5 12. dxe5 dxe5 13. c5 Rd8 14. Bxa6 bxa6 15.
Qe2 Be6 16. Nc4 Bxc4 17. Qxc4 Rdb8 18. Qe2 Nd7 19. Rfc1 Nf8 20. Nb1 Ne6 21. Na3
Bf8 22. Qf2 Rb4 23. Nc4 Rd8 24. Kh1 Nd4 25. Bg5 Be7 26. Bd2 Bxc5 27. Bxb4 axb4
28. Qe3 Qe7 29. Rab1 Ne6 30. Qe1 Nf4 31. Rc2 b3 32. Rd2 Rd4 33. Rxd4 exd4 34.
g3 Nd3 35. Qe2 Nb4 36. Qd1 d3 37. Qxb3 Qf6 38. Rf1 Qe6 39. Qc3 h5 40. Ne5 Qd6
41. Nc4 Qe6 42. Ne5 Qh3 43. Rd1 Bd6 44. Qd4 Bxe5 45. Qxe5 Nc2 46. Qc5 h4 47.
Qf2 hxg3 48. Qxg3 Qd7 49. f4 Nb4 50. f5 Qd4 51. Qf3 g5 52. f6 Qe5 53. Rf1 d2
54. Rd1 Qd4 55. Qe2 Qxf6 56. Rxd2 c5 57. e5 Qf5 58. Rd6 Qf4 59. Rf6 Qd4 60. Rf5
Nd3 61. e6 Kf8 62. exf7 Qd7 63. Qe8+ Qxe8 64. fxe8=Q+ Kxe8 65. b3 g4 66. Rd5
Nc1 67. Rxc5 Nxb3 68. Rc4 a5 69. Rxg4 Kf7 70. Rg5 1-0

[Event "European Rapid 2011"]
[Site "Warsaw POL"]
[Date "2011.12.18"]
[Round "9"]
[White "Miton, Kamil"]
[Black "Movsesian, Sergei"]
[Result "0-1"]
[WhiteElo "2622"]
[BlackElo "2710"]
[PlyCount "104"]
[EventDate "2011.12.17"]

1. d4 Nf6 2. c4 d6 3. Nc3 Nbd7 4. e4 e5 5. Nf3 c6 6. Be2 g6 7. O-O Bg7 8. Qc2
O-O 9. Rd1 Qe7 10. d5 c5 11. a3 h6 12. b4 b6 13. Nd2 Ne8 14. Bd3 h5 15. Nb3 f5
16. bxc5 Nxc5 17. Nxc5 dxc5 18. a4 Nd6 19. a5 Bd7 20. Bd2 f4 21. axb6 axb6 22.
Rxa8 Rxa8 23. Rb1 Qd8 24. Qb2 Ra6 25. Ra1 Qa8 26. Rxa6 Qxa6 27. Qb3 Kf7 28. Kf1
Ke7 29. Ke2 g5 30. f3 Kd8 31. Bc1 Kc7 32. Qa3 Qa5 33. Qxa5 bxa5 34. Ba3 Kb6 35.
Nd1 g4 36. Nb2 g3 37. h3 Bf8 38. Bc2 Kc7 39. Bb3 a4 40. Bxa4 Bxa4 41. Nxa4 Nxc4
42. Bc1 Na5 43. Bb2 Bd6 44. Nc3 Kb6 45. Nd1 c4 46. Bc3 Nb3 47. Nb2 Kb5 48. Nd1
Nd4+ 49. Ke1 Ka4 50. Bd2 Kb3 51. Nc3 Bb4 52. Nb1 c3 0-1

[Event "European Rapid 2011"]
[Site "Warsaw POL"]
[Date "2011.12.18"]
[Round "9"]
[White "Dreev, Aleksey"]
[Black "Gajewski, Grzegorz"]
[Result "0-1"]
[WhiteElo "2710"]
[BlackElo "2616"]
[PlyCount "34"]
[EventDate "2011.12.17"]

1. d4 Nf6 2. c4 e6 3. Nc3 Bb4 4. Qc2 d5 5. cxd5 Qxd5 6. Nf3 Qf5 7. Qb3 Nc6 8.
Bd2 O-O 9. e3 Bd6 10. Nb5 e5 11. dxe5 Bxe5 12. Nxe5 Nxe5 13. f3 Nxf3+ 14. gxf3
Qxf3 15. Rg1 Ne4 16. Rg2 Bh3 17. Rxg7+ Kxg7 0-1

[Event "European Rapid 2011"]
[Site "Warsaw POL"]
[Date "2011.12.17"]
[Round "9"]
[White "Shirov, Alexei"]
[Black "Markowski, Tomasz"]
[Result "1/2-1/2"]
[WhiteElo "2705"]
[BlackElo "2606"]
[PlyCount "38"]
[EventDate "2011.12.17"]

1. e4 e5 2. Nf3 Nc6 3. Bb5 a6 4. Ba4 Nf6 5. O-O Be7 6. Re1 b5 7. Bb3 d6 8. c3
O-O 9. h3 Na5 10. Bc2 c5 11. d4 Qc7 12. d5 Bd7 13. b3 Nb7 14. Be3 c4 15. b4 a5
16. a3 Ra6 17. Nbd2 Rfa8 18. Rc1 axb4 19. axb4 Nd8 1/2-1/2

[Event "European Rapid 2011"]
[Site "Warsaw POL"]
[Date "2011.12.17"]
[Round "9"]
[White "Poetsch, Hagen"]
[Black "Riazantsev, Alexander"]
[Result "0-1"]
[WhiteElo "2408"]
[BlackElo "2710"]
[PlyCount "24"]
[EventDate "2011.12.17"]

1. e4 c6 2. d4 d5 3. e5 Bf5 4. Nf3 e6 5. Ng1 Ne7 6. Be2 Bg6 7. Nd2 Nf5 8. Ndf3
Nd7 9. a4 h6 10. a5 Be7 11. c4 dxc4 12. Bxc4 O-O 0-1

[Event "European Rapid 2011"]
[Site "Warsaw POL"]
[Date "2011.12.18"]
[Round "10"]
[White "Erdos, Viktor"]
[Black "Nepomniachtchi, Ian"]
[Result "1/2-1/2"]
[WhiteElo "2623"]
[BlackElo "2730"]
[PlyCount "104"]
[EventDate "2011.12.17"]

1. d4 Nf6 2. c4 g6 3. Nc3 d5 4. e3 Bg7 5. cxd5 Nxd5 6. Nxd5 Qxd5 7. Ne2 O-O 8.
Nc3 Qa5 9. Bd2 c6 10. Ne4 Qb6 11. Bc3 Nd7 12. Bc4 c5 13. Rc1 cxd4 14. Bxd4 Bxd4
15. Qxd4 Qxd4 16. exd4 Rd8 17. Bb3 Nb6 18. Rc7 Rd7 19. Rxd7 Bxd7 20. Nc3 Rd8
21. d5 Nc8 22. Kd2 Nd6 23. Re1 Kf8 24. f3 b6 25. Ne4 Nf5 26. Rc1 Nd4 27. Ke3
Nxb3 28. axb3 Be8 29. d6 exd6 30. Rc7 d5 31. Nf6 d4+ 32. Kd2 Bb5 33. Nxh7+ Kg8
34. Ng5 Re8 35. Ne4 Re6 36. Rc8+ Kg7 37. Rc7 Kf8 38. Rc8+ Ke7 39. Rc7+ Ke8 40.
g4 f5 41. gxf5 gxf5 42. Ng3 f4 43. Nf5 Kd8 44. Rxa7 Re2+ 45. Kd1 Rxh2 46. Nxd4
Bd7 47. Rb7 b5 48. Rb6 Ke7 49. Nxb5 Bxb5 50. Rxb5 Rf2 51. Rb4 Rxf3 52. Ke2 Re3+
1/2-1/2

[Event "European Rapid 2011"]
[Site "Warsaw POL"]
[Date "2011.12.18"]
[Round "10"]
[White "Gajewski, Grzegorz"]
[Black "Movsesian, Sergei"]
[Result "0-1"]
[WhiteElo "2616"]
[BlackElo "2710"]
[PlyCount "96"]
[EventDate "2011.12.17"]

1. d4 d5 2. c4 c6 3. Nf3 Nf6 4. Nc3 a6 5. e3 b5 6. b3 Bg4 7. a4 b4 8. Ne2 Bxf3
9. gxf3 Nbd7 10. Ng3 h5 11. h4 g6 12. f4 e6 13. a5 Be7 14. Be2 Ng8 15. e4 dxe4
16. Nxe4 Ndf6 17. Bf3 Nxe4 18. Bxe4 Rc8 19. Be3 Nf6 20. Bf3 Qc7 21. Rg1 Kf8 22.
Qe2 Ne8 23. c5 Qb7 24. Ra4 Nc7 25. Bd2 Bf6 26. Rxb4 Nb5 27. Rg5 Qd7 28. Be4 Kg7
29. Qd3 Rhd8 30. Rg2 Kf8 31. Kf1 Qe7 32. Bxg6 fxg6 33. Qxg6 Qf7 34. Qe4 Rd5 35.
f5 Rxf5 36. Bf4 Ke7 37. Rxb5 axb5 38. a6 Kd7 39. a7 Ra8 40. Bb8 Bd8 41. Qe1 Kc8
42. Qa1 Kb7 43. d5 exd5 44. Kg1 Qd7 45. Qh8 Bc7 46. Rg7 Rf7 47. Rg8 Qf5 48. Qd4
Bxb8 0-1

[Event "European Rapid 2011"]
[Site "Warsaw POL"]
[Date "2011.12.18"]
[Round "10"]
[White "Bacrot, Etienne"]
[Black "Banusz, Tamas"]
[Result "1/2-1/2"]
[WhiteElo "2714"]
[BlackElo "2563"]
[PlyCount "93"]
[EventDate "2011.12.17"]

1. d4 d5 2. c4 c6 3. Nc3 Nf6 4. Nf3 a6 5. e3 g6 6. Be2 Bg7 7. O-O O-O 8. a4 a5
9. cxd5 cxd5 10. Qb3 Nc6 11. Bd2 b6 12. Rfc1 Bb7 13. Nb5 Rc8 14. Rc2 Ne4 15.
Be1 e6 16. Rac1 Re8 17. Na3 Re7 18. Bb5 Na7 19. Bd3 Rxc2 20. Rxc2 Nd6 21. Ne5
f6 22. Nf3 Bc6 23. Nb1 Rb7 24. Nc3 Qd7 25. h3 Bf8 26. Nd2 b5 27. axb5 Naxb5 28.
Qa2 Nxc3 29. bxc3 a4 30. c4 dxc4 31. Nxc4 Nxc4 32. Bxc4 Bd5 33. Bxd5 exd5 34.
Bd2 Rb3 35. Bc1 Bd6 36. g3 Kf7 37. Kg2 h5 38. Qa1 g5 39. Ra2 g4 40. hxg4 hxg4
41. Rxa4 Qf5 42. Ra7+ Kg6 43. Qa4 Qf3+ 44. Kg1 Qd1+ 45. Kg2 Qf3+ 46. Kg1 Qd1+
47. Kg2 1/2-1/2

[Event "European Rapid 2011"]
[Site "Warsaw POL"]
[Date "2011.12.18"]
[Round "10"]
[White "Riazantsev, Alexander"]
[Black "Markowski, Tomasz"]
[Result "1-0"]
[WhiteElo "2710"]
[BlackElo "2606"]
[PlyCount "119"]
[EventDate "2011.12.17"]

1. d4 c5 2. d5 d6 3. c4 e5 4. Nc3 g6 5. g3 Bg7 6. Bg2 f5 7. e4 Nf6 8. exf5 gxf5
9. Nf3 Na6 10. O-O O-O 11. Qc2 Bd7 12. a3 Nc7 13. b4 b6 14. bxc5 bxc5 15. Rb1
Rb8 16. Rxb8 Qxb8 17. Nh4 Qc8 18. Bg5 Nce8 19. Nb5 Bxb5 20. cxb5 e4 21. Bh3 Ng4
22. Bxg4 fxg4 23. Qxe4 Be5 24. f3 gxf3 25. Rxf3 Ng7 26. Bh6 Re8 27. Qc4 Qh3 28.
Be3 Bd4 29. Bxd4 cxd4 30. Rf1 Qg4 31. Qc7 Qh5 32. Qxd6 d3 33. Nf3 Nf5 34. Qf4
Ng7 35. Qd4 Nf5 36. Qf4 Ng7 37. Qd4 Nf5 38. Qxd3 Ne3 39. Rf2 Nxd5 40. Re2 Rf8
41. Ne5 Nb6 42. Re1 Kh8 43. Qd4 Kg8 44. a4 Qf5 45. Ng4 Qg5 46. Ne5 Rd8 47. Qf2
Rf8 48. Qd4 Rd8 49. Qe4 Nd5 50. a5 Nf6 51. Qc4+ Rd5 52. b6 axb6 53. axb6 Qd2
54. Nf3 Qb2 55. Qc8+ Kf7 56. b7 Qb6+ 57. Kh1 Qf2 58. Qe6+ Kg7 59. b8=Q Qxf3+
60. Kg1 1-0

[Event "European Rapid 2011"]
[Site "Warsaw POL"]
[Date "2011.12.18"]
[Round "10"]
[White "Kempinski, Robert"]
[Black "Wojtaszek, Radoslaw"]
[Result "1-0"]
[WhiteElo "2603"]
[BlackElo "2705"]
[PlyCount "125"]
[EventDate "2011.12.17"]

1. d4 Nf6 2. c4 c5 3. d5 e6 4. Nc3 exd5 5. cxd5 d6 6. e4 g6 7. h3 Bg7 8. Nf3 a6
9. a4 Nbd7 10. Bd3 Nh5 11. O-O Ne5 12. Be2 Nxf3+ 13. Bxf3 Qh4 14. a5 Be5 15.
Bg4 Nf6 16. Bxc8 Rxc8 17. Qf3 O-O 18. Ra4 Rfe8 19. Re1 Rc7 20. Bd2 Rce7 21. Qd3
Bd4 22. Rxd4 cxd4 23. Qxd4 Nxe4 24. Bh6 Qxh6 25. Nxe4 f5 26. Nf6+ Kf7 27. Re6
Rxe6 28. dxe6+ Rxe6 29. Nd5 Qc1+ 30. Kh2 Qc5 31. Qd2 Re5 32. Nf4 Re4 33. g3 Qd4
34. Qc2 Qc4 35. Qd2 Qd4 36. Qc2 Qc5 37. Qb3+ Kf6 38. Nd5+ Kg5 39. Ne3 Rxe3 40.
fxe3 Qxa5 41. h4+ Kf6 42. Qxb7 Qb5 43. Qxh7 Qxb2+ 44. Kh3 Qe5 45. Qh6 Kf7 46.
h5 gxh5 47. Qxh5+ Ke7 48. Qh7+ Ke6 49. Qg8+ Kd7 50. Qa8 a5 51. Qa7+ Ke6 52. g4
fxg4+ 53. Kxg4 Qe4+ 54. Kg3 a4 55. Kf2 Qc2+ 56. Kf3 Qd1+ 57. Kf4 Qf1+ 58. Kg3
Qe1+ 59. Kf3 Qd1+ 60. Kf4 Qb3 61. Qa8 Qb4+ 62. e4 Qd2+ 63. Kf3 1-0

[Event "European Rapid 2011"]
[Site "Warsaw POL"]
[Date "2011.12.18"]
[Round "10"]
[White "Kravtsiv, Martyn"]
[Black "Shirov, Alexei"]
[Result "1/2-1/2"]
[WhiteElo "2601"]
[BlackElo "2705"]
[PlyCount "124"]
[EventDate "2011.12.17"]

1. e4 e6 2. d4 d5 3. Nc3 Bb4 4. e5 c5 5. a3 Bxc3+ 6. bxc3 Ne7 7. Nf3 b6 8. a4
Ba6 9. Bb5+ Bxb5 10. axb5 a5 11. bxa6 Rxa6 12. Rxa6 Nxa6 13. Qe2 Nc7 14. O-O
O-O 15. dxc5 bxc5 16. Ba3 c4 17. Nd4 Qd7 18. f4 Ra8 19. Bxe7 Qxe7 20. f5 exf5
21. Nxf5 Qe6 22. Qg4 Ne8 23. Qf3 f6 24. Re1 Ra5 25. Nd4 Qa6 26. Qh5 g6 27. Qf3
fxe5 28. Rxe5 Ra1+ 29. Kf2 Nf6 30. Ke2 Rh1 31. Qe3 Qa1 32. Re8+ Nxe8 33. Qxe8+
Kg7 34. Qe7+ Kg8 35. Qd8+ Kf7 36. Qxd5+ Kf8 37. Qd6+ Kf7 38. Qd7+ Kg8 39. Qc8+
Kg7 40. Qc7+ Kf6 41. Qf4+ Ke7 42. Qe5+ Kd7 43. Qe6+ Kd8 44. Qg8+ Ke7 45. Qxh7+
Kf6 46. Qh4+ Kf7 47. Qf4+ Kg8 48. Qb8+ Kh7 49. Qc7+ Kh6 50. Qf4+ Kh7 51. Qf7+
Kh6 52. Qf8+ Kh7 53. Qf7+ Kh6 54. Qf4+ Kh7 55. Qh4+ Kg8 56. Qd8+ Kh7 57. Qe7+
Kg8 58. Qe8+ Kg7 59. Qe5+ Kh7 60. Nf3 Qd1+ 61. Ke3 Qd7 62. Kf2 Qf5 1/2-1/2

[Event "European Rapid 2011"]
[Site "Warsaw POL"]
[Date "2011.12.18"]
[Round "10"]
[White "Jobava, Baadur"]
[Black "Dziuba, Marcin"]
[Result "1-0"]
[WhiteElo "2678"]
[BlackElo "2589"]
[PlyCount "55"]
[EventDate "2011.12.17"]

1. d4 d5 2. c4 c6 3. Nc3 Nf6 4. cxd5 cxd5 5. Nf3 Nc6 6. Bf4 a6 7. Ne5 e6 8. e3
Be7 9. Bd3 Nxe5 10. dxe5 Nd7 11. O-O b5 12. Ne2 Bb7 13. Nd4 Rc8 14. Rc1 Rxc1
15. Qxc1 O-O 16. Qb1 h6 17. Qd1 Nc5 18. Bb1 g5 19. Bg3 Kg7 20. f4 Ne4 21. f5
Bc5 22. Be1 Bxd4 23. f6+ Kh7 24. exd4 Qb6 25. Bb4 Rc8 26. Kh1 Bc6 27. Qh5 Be8
28. Bf8 1-0

[Event "European Rapid 2011"]
[Site "Warsaw POL"]
[Date "2011.12.18"]
[Round "11"]
[White "Nepomniachtchi, Ian"]
[Black "Korobov, Anton"]
[Result "0-1"]
[WhiteElo "2730"]
[BlackElo "2660"]
[PlyCount "94"]
[EventDate "2011.12.17"]

1. e4 c5 2. Nf3 d6 3. d4 cxd4 4. Nxd4 Nf6 5. Nc3 a6 6. Bg5 Nbd7 7. Bc4 Qb6 8.
Bb3 e6 9. Qd2 Nc5 10. f3 Be7 11. h4 Qc7 12. a4 h6 13. Be3 e5 14. Nf5 Bxf5 15.
exf5 Nxb3 16. cxb3 Qd7 17. g4 d5 18. Bf2 d4 19. Ne4 h5 20. Nxf6+ gxf6 21. Qc2
hxg4 22. fxg4 d3 23. Qc4 Rc8 24. Qe4 Qc6 25. Qxc6+ Rxc6 26. Rh3 Bb4+ 27. Kf1 d2
28. Ke2 Rg8 29. h5 Rc1 30. Rh1 Rxa1 31. Rxa1 Rxg4 32. Rg1 Rg5 33. h6 Rh5 34.
Be3 Rh2+ 35. Kd3 Kf8 36. Rd1 Kg8 37. a5 Bxa5 38. Bc5 Rh3+ 39. Kc2 Rh4 40. Rg1+
Kh7 41. Bf8 Rd4 42. b4 Bxb4 43. Bg7 d1=Q+ 44. Rxd1 Rxd1 45. Kxd1 Be7 46. b4 b6
47. Kc2 a5 0-1

[Event "European Rapid 2011"]
[Site "Warsaw POL"]
[Date "2011.12.18"]
[Round "11"]
[White "Movsesian, Sergei"]
[Black "Azarov, Sergei"]
[Result "1-0"]
[WhiteElo "2710"]
[BlackElo "2667"]
[PlyCount "85"]
[EventDate "2011.12.17"]

1. g3 Nf6 2. Bg2 d5 3. Nf3 g6 4. O-O Bg7 5. d3 O-O 6. Bd2 Nc6 7. Qc1 Re8 8. Bh6
Bh8 9. Nc3 d4 10. Nd1 e5 11. e4 dxe3 12. Nxe3 e4 13. dxe4 Nxe4 14. Rd1 Bd7 15.
c3 Qc8 16. Nd5 Ne7 17. Nxe7+ Rxe7 18. Qf4 Bh3 19. Re1 Bxg2 20. Kxg2 Qe8 21. h4
Qc6 22. Re3 Rae8 23. Rae1 Re6 24. Kg1 f5 25. h5 Bf6 26. g4 Qd5 27. hxg6 hxg6
28. c4 Qa5 29. b4 Qxa2 30. R3e2 Qxc4 31. gxf5 gxf5 32. Qxf5 Bg7 33. Bxg7 Kxg7
34. Nh4 Qc6 35. Kh2 Qd6+ 36. f4 Rh6 37. Qg4+ Kh7 38. Rxe4 Qf6 39. Kh3 Rxe4 40.
Rxe4 Qc3+ 41. Qg3 Rxh4+ 42. Kxh4 Qf6+ 43. Qg5 1-0

[Event "European Rapid 2011"]
[Site "Warsaw POL"]
[Date "2011.12.18"]
[Round "11"]
[White "Andriasian, Zaven"]
[Black "Polgar, Judit"]
[Result "1-0"]
[WhiteElo "2619"]
[BlackElo "2710"]
[PlyCount "171"]
[EventDate "2011.12.17"]

1. e4 c5 2. Nf3 e6 3. d4 cxd4 4. Nxd4 Nc6 5. Nc3 d6 6. Be3 a6 7. a4 Be7 8. Be2
Bd7 9. Nb3 Nf6 10. a5 O-O 11. O-O Rc8 12. Bb6 Qe8 13. f4 e5 14. Kh1 exf4 15.
Rxf4 Be6 16. Nd5 Bxd5 17. exd5 Ne5 18. c3 Nfd7 19. Bg1 Bg5 20. Rb4 Rc7 21. Qf1
Qe7 22. Re1 g6 23. Bg4 Re8 24. Bxd7 Rxd7 25. Nd4 Qd8 26. Nb3 Rde7 27. Rbe4 f5
28. R4e2 Bh4 29. g3 Bf6 30. Bb6 Qc8 31. Nd4 Qc4 32. Qg2 Nd3 33. Rxe7 Rxe7 34.
Re6 Ne1 35. b3 Qd3 36. Qe2 Qxe2 37. Rxe2 Rxe2 38. Nxe2 Kf7 39. c4 Ke7 40. Be3
Kd7 41. Kg1 Bd8 42. Bb6 Bf6 43. Kf2 Nd3+ 44. Ke3 Ne5 45. h3 Bg5+ 46. Nf4 Ke7
47. Ke2 Bf6 48. Ne6 Nf7 49. Ke3 Be5 50. Kf3 Bc3 51. Ke2 Bb2 52. Ke3 Bc1+ 53.
Ke2 Bb2 54. Ke3 Be5 55. Kf3 g5 56. g4 f4 57. Ke4 Bf6 58. b4 Bc3 59. b5 Kd7 60.
Nf8+ Ke7 61. Nxh7 Bb4 62. bxa6 bxa6 63. Bd4 Bxa5 64. Bf6+ Kd7 65. Nxg5 Bd8 66.
Bxd8 Nxd8 67. Kxf4 a5 68. Ke4 a4 69. Kd3 Ke7 70. Kc3 Kf6 71. Ne6 Nf7 72. Kb4
Ne5 73. c5 dxc5+ 74. Kxa4 Nd3 75. Kb5 Ke7 76. g5 Nf2 77. h4 Kd6 78. g6 Ng4 79.
g7 Nh6 80. Kc4 Ng8 81. Nxc5 Ke5 82. Ne6 Kd6 83. Kd4 Nf6 84. h5 Ng8 85. Ke4 Nh6
86. Nd4 1-0

[Event "European Rapid 2011"]
[Site "Warsaw POL"]
[Date "2011.12.18"]
[Round "11"]
[White "Kempinski, Robert"]
[Black "Riazantsev, Alexander"]
[Result "1/2-1/2"]
[WhiteElo "2603"]
[BlackElo "2710"]
[PlyCount "99"]
[EventDate "2011.12.17"]

1. d4 Nf6 2. c4 e6 3. Nf3 b6 4. g3 Bb4+ 5. Nbd2 Bb7 6. Bg2 c5 7. a3 Bxd2+ 8.
Qxd2 cxd4 9. Qxd4 Nc6 10. Qc3 Rc8 11. O-O Na5 12. b3 d5 13. Rd1 O-O 14. Qb2 Qe7
15. Bd2 Rfd8 16. Bb4 Qc7 17. Rac1 dxc4 18. Rxd8+ Qxd8 19. Bxa5 bxa5 20. bxc4
Qb6 21. Qxb6 axb6 22. Ne5 Bxg2 23. Kxg2 Ne4 24. Nd7 b5 25. c5 Nf6 26. c6 Nd5
27. e4 Nc7 28. e5 h5 29. Kf3 Nd5 30. Rc5 b4 31. Rxa5 bxa3 32. Rxa3 Rxc6 33.
Ra8+ Kh7 34. Ra7 g5 35. h3 Kg7 36. Rb7 Rc3+ 37. Kg2 h4 38. Ra7 hxg3 39. fxg3
Ne3+ 40. Kf2 Nf5 41. g4 Nh4 42. Nf6 Rxh3 43. Nh5+ Kg6 44. Ra8 Rh2+ 45. Kg3 Rg2+
46. Kh3 Re2 47. Rg8+ Kh6 48. Rh8+ Kg6 49. Rg8+ Kh6 50. Rh8+ 1/2-1/2

[Event "European Rapid 2011"]
[Site "Warsaw POL"]
[Date "2011.12.18"]
[Round "11"]
[White "Banusz, Tamas"]
[Black "Jobava, Baadur"]
[Result "0-1"]
[WhiteElo "2563"]
[BlackElo "2678"]
[PlyCount "104"]
[EventDate "2011.12.17"]

1. Nf3 Nf6 2. c4 g6 3. g3 Bg7 4. Bg2 O-O 5. d4 d6 6. O-O Bf5 7. Nc3 Nc6 8. d5
Na5 9. Nd4 Bd7 10. b3 c5 11. dxc6 bxc6 12. Bb2 Qc7 13. Rc1 Rab8 14. Qd2 Rfd8
15. e3 Nb7 16. Rfd1 Nc5 17. h3 h5 18. e4 a5 19. Ba3 Be8 20. Qe3 Na6 21. Nf3 Nd7
22. Bb2 Nb4 23. Qe2 Nc5 24. Ne1 e5 25. Nf3 Ne6 26. Ba1 Nd4 27. Qd2 Ne6 28. Na4
Kh7 29. Rb1 c5 30. Nc3 Nd4 31. Nxd4 exd4 32. Nb5 Bxb5 33. cxb5 Rxb5 34. Bf1
Rbb8 35. Rbc1 Qa7 36. f4 a4 37. g4 hxg4 38. hxg4 axb3 39. axb3 Qa2 40. Bc4 Kg8
41. Bb2 Qa8 42. Re1 d5 43. exd5 Nxd5 44. Ra1 Qb7 45. Rad1 Ne3 46. Rxe3 dxe3 47.
Qxd8+ Rxd8 48. Rxd8+ Kh7 49. Bxg7 Kxg7 50. Rd5 Qe7 51. Re5 Qh4 52. Rxe3 Qxg4+
0-1

[Event "European Rapid 2011"]
[Site "Warsaw POL"]
[Date "2011.12.18"]
[Round "11"]
[White "Wojtaszek, Radoslaw"]
[Black "Lewtak, Damian"]
[Result "1-0"]
[WhiteElo "2705"]
[BlackElo "2138"]
[PlyCount "59"]
[EventDate "2011.12.17"]

1. Nf3 Nf6 2. c4 d5 3. cxd5 Nxd5 4. e4 Nb6 5. d4 g6 6. Nc3 Bg7 7. Be3 O-O 8. h3
c5 9. d5 N6d7 10. Be2 b6 11. O-O Bb7 12. Re1 Ne5 13. Nxe5 Bxe5 14. Qd2 e6 15.
dxe6 fxe6 16. Bc4 Qe7 17. f4 Rd8 18. Bxe6+ Kf8 19. Bd5 Bxc3 20. Qxc3 Bxd5 21.
exd5 Qg7 22. Qc4 Nd7 23. Rad1 Re8 24. b4 Rac8 25. bxc5 Nxc5 26. Bd4 Qf7 27. Ba1
Rcd8 28. Qd4 h5 29. f5 Rxe1+ 30. Rxe1 1-0

[Event "European Rapid 2011"]
[Site "Warsaw POL"]
[Date "2011.12.18"]
[Round "11"]
[White "Naiditsch, Arkadij"]
[Black "Samolins, Vitalijs"]
[Result "1-0"]
[WhiteElo "2712"]
[BlackElo "2407"]
[PlyCount "79"]
[EventDate "2011.12.17"]

1. e4 e5 2. Nf3 Nc6 3. Bc4 Bc5 4. c3 Nf6 5. d3 O-O 6. Bb3 d5 7. Qe2 dxe4 8.
dxe4 Qe7 9. O-O h6 10. Nbd2 Be6 11. Bxe6 Qxe6 12. b4 Be7 13. a4 a6 14. Re1 Rfd8
15. Bb2 Nh7 16. Nc4 Ng5 17. Nfd2 f6 18. Ne3 Rd7 19. Nd5 Bf8 20. f3 Rad8 21. h4
Nf7 22. Nb3 Nb8 23. Qc2 f5 24. Na5 f4 25. Nxb7 Rxd5 26. exd5 Qb6+ 27. Nc5 Nd7
28. Ba3 Nxc5 29. bxc5 Bxc5+ 30. Bxc5 Qxc5+ 31. Kh1 Qe7 32. c4 Nd6 33. c5 Qxh4+
34. Kg1 Nf7 35. d6 cxd6 36. c6 Rc8 37. Qc4 Kf8 38. Qxa6 Rc7 39. Qa8+ Ke7 40.
Qb8 1-0

[Event "European Rapid 2011"]
[Site "Warsaw POL"]
[Date "2011.12.18"]
[Round "12"]
[White "Movsesian, Sergei"]
[Black "Sjugirov, Sanan"]
[Result "1/2-1/2"]
[WhiteElo "2710"]
[BlackElo "2622"]
[PlyCount "88"]
[EventDate "2011.12.17"]

1. g3 g6 2. Bg2 Bg7 3. c4 d6 4. Nc3 e5 5. d3 f5 6. e3 Nf6 7. Nge2 O-O 8. b4 Nc6
9. b5 Ne7 10. a4 Rb8 11. a5 Be6 12. O-O g5 13. f4 h6 14. Qd2 Kh8 15. Bb2 b6 16.
axb6 axb6 17. e4 gxf4 18. gxf4 fxe4 19. fxe5 dxe5 20. Nxe4 Ng6 21. Nxf6 Rxf6
22. Qe3 Rxf1+ 23. Rxf1 Qg5 24. Bc1 Qg4 25. Kh1 Nh4 26. Be4 Nf5 27. Qf3 Nd6 28.
Ng3 Nxe4 29. Nxe4 Rd8 30. Bxh6 Qxf3+ 31. Rxf3 Bxh6 32. Rf6 Bg4 33. Rxh6+ Kg7
34. Rc6 Bf3+ 35. Kg1 Rxd3 36. Rxc7+ Kg6 37. Ng3 Rd2 38. Re7 e4 39. Kf1 Rxh2 40.
Nxe4 Re2 41. Re6+ Kf5 42. Ng3+ Kxe6 43. Nxe2 Kd6 44. Kf2 Kc5 1/2-1/2